|
|
|
|
| LEADER |
00000nam0a2200000 4500 |
| 001 |
308325 |
| 005 |
20231102002101.0 |
| 020 |
|
|
|a RU
|b 81-32999
|
| 035 |
|
|
|a (RuTPU)RU\TPU\book\333635
|
| 090 |
|
|
|a 308325
|
| 100 |
|
|
|a 20151030d1981 k y0rusy5003 ca
|
| 101 |
0 |
|
|a rus
|
| 102 |
|
|
|a RU
|
| 105 |
|
|
|a a z 001zy
|
| 200 |
1 |
|
|a Термобарические условия и геологоразведочные работы в сверхглубоких депрессиях
|e [сборник статей]
|f Академия наук СССР (АН СССР), Институт геологии и разработки горючих ископаемых (ИГиРГИ) ; под ред. В. П. Маркевича
|
| 210 |
|
|
|a Москва
|c Наука
|d 1981
|
| 215 |
|
|
|a 90 с.
|c ил., 1 отд. л. схем.
|
| 320 |
|
|
|a Библиография в конце статей
|
| 606 |
1 |
|
|a Нефтегазоразведочные работы
|2 stltpush
|3 (RuTPU)RU\TPU\subj\45644
|9 64837
|
| 610 |
1 |
|
|a нефтяные месторождения
|
| 610 |
1 |
|
|a газовые месторождения
|
| 610 |
1 |
|
|a поиски
|
| 610 |
1 |
|
|a разведка
|
| 610 |
1 |
|
|a сверхглубокие залежи
|
| 610 |
1 |
|
|a термобарические условия
|
| 610 |
1 |
|
|a фазовое состояние
|
| 610 |
1 |
|
|a углеводороды
|
| 610 |
1 |
|
|a пластовые температуры
|
| 610 |
1 |
|
|a Днепровско-Донецкая впадина
|
| 610 |
1 |
|
|a анализ
|
| 610 |
1 |
|
|a пластовое давление
|
| 675 |
|
|
|a 553.98:550.8.02
|z rus
|v 3
|
| 702 |
|
1 |
|a Маркевич
|b В. П.
|g Виктор Петрович
|4 340
|
| 712 |
0 |
2 |
|a Академия наук СССР (АН СССР)
|b Институт геологии и разработки горючих ископаемых (ИГиРГИ)
|c (Москва)
|c (1958-????)
|2 stltpush
|3 (RuTPU)RU\TPU\col\13483
|
| 801 |
|
0 |
|a RU
|b RuMRKP
|c 19950704
|g psbo
|
| 801 |
|
1 |
|a RU
|b 63413507
|c 20151030
|
| 801 |
|
2 |
|a RU
|b 63413507
|c 20180717
|g RCR
|
| 942 |
|
|
|c BK
|